000 00631nam a2200217Ia 4500
005 20230712120541.0
008 131103s9999 xx 000 0 und d
020 _a8186423168
_cRs.595.00
040 _aLoreto College
041 _aEnglish
082 _a951
_bFAI
100 _aFairbank, John K.
245 _aEast Asia
_b Tradition & Transformation
_cJohn K.Fairbank,Edwin O.Reischauer and Albert M.Craig
260 _aNew Delhi
_bWorld view Publications
_c1998
300 _axv,1027p
_b ill.
504 _aIncludes index
650 _aEast Asia-History
700 _aReischauer,Edwin O.
850 _aLCLIB
942 _cBK
999 _c37751
_d88230